Ekonomi vurgun yedi (Kayıt no. 4126)

MARC ayrıntıları
000 -BAŞLIK
Sabit Uzunlukta Kontrol Alanı 00727na a2200241 4500
001 - KONTROL NUMARASI
Denetim Alanı 17289
003 - KONTROL NUMARASI IDENTIFIER
Denetim Alanı MIRAKIL
005 - SON İŞLEM TARİHİ VE ZAMANI
Denetim Alanı 20181213154954.0
008 - SABİT-BOY VERİ ELEMANLARI - GENEL BİLGİLER
Sabit Uzunlukta Kontrol Alanı 161024b tu 000 0
040 ## - KATALOGLAMA KAYNAK
Orijinal Kataloglama Ajansı Milas
Kataloglama Dili tur
Metne Dönüştürmek Ajansı TR-AnCHP
041 ## - DİL KODU
Metin / Ses Parça Veya Ayrı Başlığın Dil Kodu tur
082 ## - DEWEY ONLU SINIFLANDIRMA NUMARASI
Sınıflandırma Numarası 330.9561
Ürün Numarası K66e 2007
090 ## - SINIFLAMA NUMARASI
Sınıflama Numarası 330.9561 K66e 2007
100 ## - ANA GİRİŞ - KİŞİSEL İSİM
Kişisel Ad Korkmaz, Esfender
245 ## - BAŞLIK TABLOSU
Başlık Ekonomi vurgun yedi
Sorumluluk Tablosu, Vb Esfender Korkmaz
260 ## - YAYIN, DAĞITIM, VB
Yayın, Dağıtım, Vb Yeri [y.y.]
Yayıncı, Dağıtıcı, Vs Adı [yay.y.]
Yayın, Dağıtım, Vb Tarihi 2007
Üretim Yeri İstanbul
Üretici Firma Enes Basın Yayın ve Matbaacılık
300 ## - FİZİKSEL TANIM
Kapsam xv, 920 s.
Diğer Fiziksel Ayrıntıları tbl.
Boyutlar 23 sm.
500 ## - GENEL NOT
Genel Not Yapıt yazarından imzalıdır.
505 ## - BİÇİMLENDİRİLDİ İÇİNDEKİLER NOT
Biçimlendirilmiş İçeriği Dikkat 2004-2005-2006 Gözcü gazetesi yazıları
650 ## - KONU KATMA GİRİŞ - TOPİKAL DÖNEM
Topikal Süreli Veya Coğrafi Ad Giriş Elemanı Gazete yazıları
Coğrafi Alt Bölümü Türkiye
650 ## - KONU KATMA GİRİŞ - TOPİKAL DÖNEM
Topikal Süreli Veya Coğrafi Ad Giriş Elemanı Ekonomi
Coğrafi Alt Bölümü Türkiye
942 ## - EKLENDİ GİRİŞ ELEMANLARI (KOHA)
Sınıflandırma Veya Raf Düzeni Kaynak Dewey Decimal Classification
Koha Öğesi Türü Kitaplar
999 ## - SİSTEM KONTROL NUMARALARI (KOHA)
Koha Biblionumber 4126
Koha Biblioitemnumber 4126
Mevcut
Kalıcı Konum Mevcut Konum Edinme Tarihi Edinim Kaynak Toplam Check-Out'Lar Tam Çağrı Numarası Barkod Tarih Son Görülme İtibaren Geçerli Fiyatlar Koha Öğesi Türü Kopya Sayısı
CHP Kütüphanesi CHP Kütüphanesi 10/24/2016 Bağış   330.9561 K66e 2007 007615 10/24/2016 10/24/2016 Kitaplar  
CHP Kütüphanesi CHP Kütüphanesi 10/24/2016 Bağış   330.9561 K66e 2007 007616 10/24/2016 10/24/2016 Kitaplar k.2
CHP Kütüphanesi CHP Kütüphanesi 10/24/2016 Bağış   330.9561 K66e 2007 007617 10/24/2016 10/24/2016 Kitaplar k.3